| 000 | 00385nam a22001577a 4500 | ||
|---|---|---|---|
| 005 | 20260417113330.0 | ||
| 008 | 260417b |||||||| |||| 00| 0 eng d | ||
| 020 | _a978-93-92703-06-5 | ||
| 041 | _aeng | ||
| 082 | _a891.431 | ||
| 100 |
_aBHUSHAN , SARIKA _99011 |
||
| 245 | _aMAUN KO MUKHAR HONE DO | ||
| 260 |
_aNEW DELHI _bSRIJANLOK PRAKASHAN _c2022 |
||
| 300 | _a144;P | ||
| 942 | _cBK | ||
| 999 |
_c9117 _d9115 |
||